TMNT 2012 Quiz - Statistics

General Stats
  • This quiz has been taken 359 times
  • The average score is 13 of 28
Answer Stats
Answer % Correct
Leonardo
98%
Raphael
91%
Donatello
90%
Shredder
88%
Splinter
88%
April O'Neil
82%
Michelangelo
80%
Casey Jones
76%
Karai
66%
Chris Bradford
58%
Xever
56%
Baxter Stockman
50%
Kraangs
49%
Tiger Claw
49%
Slash
47%
Leatherhead
44%
Mondo Gecko
32%
Kirby O'Neil
26%
Pigeon Pete
26%
Doctor Rockwell
22%
Ice cream Kitty
20%
Metalhead
19%
Pulverizer
17%
Shinigami
17%
Renet
13%
Footbots
8%
Newtralizer
7%
Triceratons
6%
No matching quizzes found
Score Distribution
Percent of People with Each Score
Percentile by Number Answered
Your Score History
You have not taken this quiz